| 000 | 00747nam a2200253Ia 4500 | ||
|---|---|---|---|
| 008 | 220216s9999 xx 000 0 und d | ||
| 100 | _aSatheesh P R | ||
| 245 | 0 | _aImpact of climate warming on natural rubber productivity in different agro-climatic regions of India | |
| 260 |
_bNatural Rubber Research _c2011 |
||
| 300 | _a9-Jan | ||
| 500 | _aSource Year: 2011 | ||
| 650 | _aClimate warming | ||
| 650 | _aClimate warming | ||
| 650 | _aMaximum temperature | ||
| 650 | _aMaximum temperature | ||
| 650 | _aMinimum temperature | ||
| 650 | _aMinimum temperature | ||
| 650 | _aMLR model | ||
| 650 | _aMLR model | ||
| 650 | _aNatural rubber productivity | ||
| 650 | _aNatural rubber productivity | ||
| 700 | _aJacob J | ||
| 942 | _cAR | ||
| 999 |
_c46703 _d46703 |
||